| 000 | 004170000a22001690004500 | ||
|---|---|---|---|
| 003 | MACL | ||
| 005 | 20160102122100.0 | ||
| 008 | 160102b xxu||||| |||| 00| 0 eng d | ||
| 040 |
_aMACL _cMACL |
||
| 041 | _aEnglish | ||
| 082 | _a800/BUR | ||
| 100 |
_aBurges, George _926904 |
||
| 245 | _aThe Works of Plato | ||
| 260 |
_bG Bell & Sons Ltd _c1912 _aLondon |
||
| 650 |
_aLiterature _926905 |
||
| 942 |
_cBK _k800/BUR _2ddc |
||
| 999 |
_c39032 _d39032 |
||